000 00243nam a2200109Ia 4500
008 220204s9999 xx 000 0 und d
082 _a82-3
_bHEY
100 _aHeyer, Georgette
245 4 _aThe Black moth
260 _bPan
_c1977
942 _cBK
999 _c33759
_d33759